000 00358cam a2200145ua 4500
041 _aeng
_h
082 _a821
_bPEA/LE
100 _aPearce, Roy Harvey .
245 _aLeaves of grass /
_cRoy Harvey Pearce.
_hTextual Documents
260 _aNew York :
_bGreat Seal Books ,
_c1961.
300 _a465 ; .
504 _a
942 _cBK
999 _c5900
_d5900